[Event "AUT-chT 1112"]
[Site "Austria"]
[Date "2012.03.01"]
[Round "4.3"]
[White "Pinter, Jozsef"]
[Black "Atlas, Valeri"]
[Result "0-1"]
[WhiteElo "2546"]
[BlackElo "2413"]
[PlyCount "100"]
[EventDate "2012.01.20"]
[EventType "team-tourn"]
[EventRounds "11"]
[EventCountry "AUT"]
[SourceTitle "EXT 2013"]
[Source "ChessBase"]
[SourceDate "2012.11.22"]
[SourceVersion "1"]
[SourceVersionDate "2012.11.22"]
[SourceQuality "1"]
[WhiteTeam "Fuerstenfeld"]
[BlackTeam "Hohenems"]
[WhiteTeamCountry "AUT"]
[BlackTeamCountry "AUT"]

1. d4 Nf6 2. c4 c5 3. d5 e5 4. Nc3 d6 5. e4 Nbd7 6. g3 Be7 7. h4 a6 8. a4 b6 9. Bh3 0-0 10. Ra3 Rb8 11. Qe2 Ne8 12. Nf3 Nc7 13. Bg5 h6 14. Bd2 b5 15. axb5 axb5 16. cxb5 Rb7 17. 0-0 Nb6 18. Bxc8 Qxc8 19. Rb1 Qd7 20. b4 c4 21. Be3 Nxb5 22. Nxb5 Qxb5 23. Nd2 Rc8 24. Ra5 Qd7 25. Bxb6 Rxb6 26. Nxc4 Rb7 27. Ra2 Bd8 28. Kg2 Bb6 29. b5 Bc5 30. Na5 Rb6 31. Nc6 Rb7 32. Qf3 Rf8 33. Rbb2 Kh8 34. Ra6 f5 35. exf5 Rxf5 36. Ra8+ Kh7 37. Qe4 g6 38. f3 Bb6 39. Rba2 Kg7 40. Qd3 h5 41. R2a4 Rf6 42. Qe4 Kh7 43. Qc2 Qg7 44. Ra3 Rbf7 45. Qe4 Qh6 46. Qe2 Qc1 47. Ra1 Qc5 48. Rf1 Rxf3 49. Qxf3 Rxf3 50. Kxf3 Qe3+ 0-1

[Event "HUN-chT 1112"]
[Site "Hungary"]
[Date "2012.02.19"]
[Round "6"]
[White "Bagi, Mate"]
[Black "Pinter, Jozsef"]
[Result "1/2-1/2"]
[WhiteElo "2309"]
[BlackElo "2547"]
[PlyCount "120"]
[EventDate "2011.09.25"]
[EventType "team-tourn"]
[EventRounds "11"]
[EventCountry "HUN"]
[SourceTitle "EXT 2013"]
[Source "ChessBase"]
[SourceDate "2012.11.22"]
[SourceVersion "1"]
[SourceVersionDate "2012.11.22"]
[SourceQuality "1"]
[WhiteTeam "Tatai Honved"]
[BlackTeam "Aquaprofit"]
[WhiteTeamCountry "HUN"]
[BlackTeamCountry "HUN"]

1. e4 e5 2. Nf3 Nc6 3. Bb5 a6 4. Ba4 Nf6 5. 0-0 Be7 6. Re1 b5 7. Bb3 0-0 8. h3 Bb7 9. d3 d6 10. a3 Na5 11. Ba2 c5 12. Nc3 Nc6 13. Nd5 Nxd5 14. Bxd5 Qc7 15. c3 Nb8 16. Bxb7 Qxb7 17. Nh2 Nd7 18. Ng4 Nf6 19. Ne3 g6 20. c4 Rfe8 21. Rb1 Rab8 22. b3 Bf8 23. Qf3 Bg7 24. Ng4 Nxg4 25. hxg4 Rf8 26. Qh3 Qd7 27. Bd2 Rb7 28. b4 Rc8 29. Rec1 Bf8 30. g5 Qe8 31. Rc2 cxb4 32. axb4 Rbc7 33. Rbc1 Rc6 34. Rc3 R8c7 35. cxb5 axb5 36. Rxc6 Rxc6 37. Qe3 Rxc1+ 38. Bxc1 Qc6 39. Bd2 Qc2 40. d4 Be7 41. d5 Bd8 42. Kh2 Qd1 43. f3 Qa1 44. Bc3 Qf1 45. Bd2 Qd1 46. Bc3 Be7 47. Bd2 Qc2 48. Bc3 Kf8 49. Bd2 Ke8 50. Be1 Bd8 51. Bd2 Bc7 52. Qe2 Kd8 53. Qe3 Qc4 54. Qa7 Ke7 55. Be3 Kf8 56. Qa8+ Kg7 57. Qc8 Qe2 58. Qxc7 Qxe3 59. Qxd6 Qxg5 60. Qc5 Qh4+ 1/2-1/2

[Event "HUN-chT 1112"]
[Site "Hungary"]
[Date "2012.01.29"]
[Round "5"]
[White "Szabo, Krisztian"]
[Black "Pinter, Jozsef"]
[Result "1/2-1/2"]
[WhiteElo "2546"]
[BlackElo "2547"]
[PlyCount "45"]
[EventDate "2011.09.25"]
[EventType "team-tourn"]
[EventRounds "11"]
[EventCountry "HUN"]
[SourceTitle "EXT 2013"]
[Source "ChessBase"]
[SourceDate "2012.11.22"]
[SourceVersion "1"]
[SourceVersionDate "2012.11.22"]
[SourceQuality "1"]
[WhiteTeam "Paks"]
[BlackTeam "Aquaprofit"]
[WhiteTeamCountry "HUN"]
[BlackTeamCountry "HUN"]

1. e4 e5 2. Nf3 Nc6 3. Bb5 a6 4. Ba4 Nf6 5. 0-0 Be7 6. Re1 b5 7. Bb3 0-0 8. c3 d6 9. h3 Na5 10. Bc2 c5 11. d4 Qc7 12. Nbd2 cxd4 13. cxd4 Bd7 14. Nf1 Rac8 15. Ne3 Nc4 16. Nxc4 Qxc4 17. Bd3 Qc7 18. b3 Rfe8 19. Bb2 Bd8 20. Qd2 Qb8 21. Rad1 h6 22. Bb1 Bc6 23. dxe5 1/2-1/2

[Event "AUT-chT 1112"]
[Site "Austria"]
[Date "2012.01.20"]
[Round "1.3"]
[White "Diermair, Andreas"]
[Black "Pinter, Jozsef"]
[Result "0-1"]
[WhiteElo "2429"]
[BlackElo "2546"]
[PlyCount "96"]
[EventDate "2012.01.20"]
[EventType "team-tourn"]
[EventRounds "11"]
[EventCountry "AUT"]
[SourceTitle "CBM 146 Extra"]
[Source "ChessBase"]
[SourceDate "2012.02.29"]
[SourceVersion "1"]
[SourceVersionDate "2012.02.29"]
[SourceQuality "1"]
[WhiteTeam "Raika Feffernitz"]
[BlackTeam "Fuerstenfeld"]
[WhiteTeamCountry "AUT"]
[BlackTeamCountry "AUT"]

1. Nf3 Nf6 2. c4 c5 3. Nc3 e6 4. g3 d5 5. cxd5 Nxd5 6. Bg2 Nc6 7. 0-0 Be7 8. d4 0-0 9. e4 Ndb4 10. dxc5 Bxc5 11. a3 Nd3 12. b4 Nxc1 13. Rxc1 Bb6 14. e5 a5 15. b5 Nd4 16. Na4 Ba7 17. Nxd4 Bxd4 18. Rc4 Bxe5 19. Qxd8 Rxd8 20. Nb6 Rb8 21. Rfc1 Bd7 22. Nxd7 Rxd7 23. Rc8+ Rd8 24. Bxb7 Bb2 25. Rxd8+ Rxd8 26. Rb1 Bxa3 27. b6 Kf8 28. Bc6 Ke7 29. Kf1 Rb8 30. b7 Bd6 31. f4 Kd8 32. Rc1 h6 33. Ke2 a4 34. Bxa4 Rxb7 35. Rd1 Ke7 36. Bc6 Rb6 37. Be4 f5 38. Bd3 g5 39. fxg5 hxg5 40. Rb1 Rc6 41. Ra1 Rc5 42. Kf2 Rd5 43. Be2 Rd2 44. Ra6 Rc2 45. Ra1 g4 46. Kf1 Bc5 47. Ke1 Bg1 48. Bd3 Rxh2 0-1

[Event "FRA-chT1A 1112"]
[Site "France"]
[Date "2011.12.10"]
[Round "4.1"]
[White "Pinter, Jozsef"]
[Black "Inkiov, Ventzislav"]
[Result "0-1"]
[WhiteElo "2549"]
[BlackElo "2456"]
[PlyCount "74"]
[EventDate "2011.10.16"]
[EventType "team-tourn"]
[EventRounds "11"]
[EventCountry "FRA"]
[SourceTitle "EXT 2013"]
[Source "ChessBase"]
[SourceDate "2012.11.22"]
[SourceVersion "1"]
[SourceVersionDate "2012.11.22"]
[SourceQuality "1"]
[WhiteTeam "Loures Barousse"]
[BlackTeam "Migne Auxences"]
[WhiteTeamCountry "FRA"]
[BlackTeamCountry "FRA"]

1. c4 e6 2. Nf3 Nf6 3. g3 d5 4. Bg2 dxc4 5. Qa4+ Nbd7 6. Qxc4 c5 7. d3 a6 8. Qb3 Ra7 9. Nbd2 b6 10. a4 Bb7 11. Nc4 Be7 12. 0-0 0-0 13. e4 Bc6 14. Bf4 Ra8 15. Bd2 Rb8 16. Qc2 b5 17. axb5 axb5 18. Na5 Ba8 19. b3 Ng4 20. Bf4 e5 21. Bd2 f5 22. h3 fxe4 23. dxe4 Ngf6 24. Nh4 g6 25. Rfe1 Qb6 26. Nf3 c4 27. b4 Nh5 28. Be3 Qe6 29. Rab1 Rf7 30. Ng5 Bxg5 31. Bxg5 Rff8 32. Re2 Qb6 33. Be3 Qe6 34. Bh6 Rf7 35. Rd1 Ndf6 36. Be3 Qe8 37. Red2 Qe6 0-1

[Event "FRA-chT1A 1112"]
[Site "France"]
[Date "2011.11.12"]
[Round "2.1"]
[White "Colin, Vincent"]
[Black "Pinter, Jozsef"]
[Result "0-1"]
[WhiteElo "2415"]
[BlackElo "2549"]
[PlyCount "70"]
[EventDate "2011.10.16"]
[EventType "team-tourn"]
[EventRounds "11"]
[EventCountry "FRA"]
[SourceTitle "EXT 2013"]
[Source "ChessBase"]
[SourceDate "2012.11.22"]
[SourceVersion "1"]
[SourceVersionDate "2012.11.22"]
[SourceQuality "1"]
[WhiteTeam "Lisieux"]
[BlackTeam "Loures Barousse"]
[WhiteTeamCountry "FRA"]
[BlackTeamCountry "FRA"]

1. d4 d5 2. c4 e6 3. Nc3 c6 4. Nf3 Nf6 5. Bg5 Nbd7 6. cxd5 exd5 7. e3 Be7 8. Bd3 0-0 9. Qc2 Re8 10. h3 Nf8 11. Bf4 Bd6 12. Ne5 Ng6 13. Nxg6 hxg6 14. Bg5 Be6 15. 0-0 Qd7 16. Bxf6 gxf6 17. f4 f5 18. Rf3 Rec8 19. g4 fxg4 20. hxg4 Bxg4 21. Rg3 Kg7 22. Qg2 Bf5 23. Bxf5 Qxf5 24. Rf1 Rh8 25. Rff3 Be7 26. Rg4 Rae8 27. Nd1 Bf6 28. Rfg3 Bxd4 29. Rg5 Qd3 30. Qf3 Bf6 31. Nf2 Qb1+ 32. Kg2 Bxg5 33. fxg5 Qxb2 34. a4 Rh4 35. Qd1 Rh2+ 0-1